Т. 1; Костюм разных времен и народов

Xehetasun bibliografikoak
Parent link:Костюм разных времен и народов: в 4 т./ М. Н. Мерцалова. Т. 1.— , 1993-2001.— 5-900136-01-9
Hizkuntza:errusiera
Argitaratua: 1993
Gaiak:
Formatua: Liburua
KOHA link:https://koha.lib.tpu.ru/cgi-bin/koha/opac-detail.pl?biblionumber=17386

MARC

LEADER 00000nam2a2200000 4500
001 17386
005 20231030190855.0
010 |a 5900136027 
035 |a (RuTPU)RU\TPU\book\17521 
035 |a BOOK00002209 
090 |a 17386 
100 |a 20011209d1993 km y0rusy50 ca 
101 0 |a rus 
102 |a RU 
105 |a a z 000zy 
200 0 |a Т. 1 
210 |d 1993 
215 |a 542 с.  |c ил. 
461 1 |0 (RuTPU)RU\TPU\book\48234  |y 5-900136-01-9  |t Костюм разных времен и народов  |o в 4 т.  |f М. Н. Мерцалова  |v Т. 1  |d 1993-2001 
610 1 |a история 
610 1 |a этнография 
610 1 |a костюмы 
610 1 |a одежда 
610 1 |a страны мира 
610 1 |a народы 
610 1 |a Древний Египет 
610 1 |a Азия 
610 1 |a античность 
610 1 |a Византия 
610 1 |a Западная Европа 
610 1 |a средние века 
610 1 |a Возрождение 
610 1 |a Италия 
610 1 |a Испания 
610 1 |a Франция 
610 1 |a Англия 
610 1 |a Германия 
686 |a Т52  |v LBC/SL-A  |2 rubbk 
801 0 |a RU  |b 63413507  |c 20011209  |g PSBO 
801 2 |a RU  |b 63413507  |c 20130604  |g PSBO 
942 |c BK